000 01518nam0a22002771 4500
001 rc\4775998
005 20260408075113.0
021 _aRU
_b[63-65887]
035 _a(NLR Aleph) 009025868
090 _a9457750
_c9457750
100 _a20130417d1963 |||y0rusy50 ca
101 0 _arus
102 _aRU
105 _ay z |||||
200 1 _aОсновные показатели лечебно-диагностического обслуживания больных на курортах Кавказских Минеральных Вод за 1957-1961 годы
_e(Информ.-метод. материалы)
_e[Утв. Учен. советом М-ва здравоохранения РСФСР 1/III 1963 г.]
_fМ-во здравоохранения РСФСР. Пятигор. науч.-исслед. ин-т курортологии и физиотерапии
210 _aПятигорск
_cБ. и.
_d1963
215 _a37 с.
_d20
300 _aНа обороте тит. л. сост.: доц. М.З. Хайкин
607 _aКавказские Минеральные Воды, группа курортов
_xМедико-санитарное обслуживание
_2psbo
702 1 _aХайкин
_bМ.З.
_4220
712 0 1 _aРСФСР
_bМинистерство здравоохранения
_bУченый медицинский совет
_3RU\NLR\AUTH\8810069538
_9640634
801 0 _aRU
_bNLR
_gpsbo
801 1 _aRU
_bELAR
_2rusmarc
852 _aNLR
_j63-4/14476
942 _cBOOK
980 _aNB